Contemporary Maithili Short Stories / (Record no. 160060)

MARC details
000 -LEADER
fixed length control field 00418nam a22001577a 4500
005 - DATE AND TIME OF LATEST TRANSACTION
control field 20190114132646.0
010 ## - LCCN (DPL NO)
LC control number B-160692
020 ## - INTERNATIONAL STANDARD BOOK NUMBER
International Standard Book Number 8126020628
Terms of availability 150.00
035 ## - SYSTEM CONTROL NUMBER
System control number B-160692
037 ## - SOURCE OF ACQUISITION
Source of stock number/acquisition Sahitya Akademi
082 ## - DEWEY DECIMAL CLASSIFICATION NUMBER
Classification number S
245 ## - TITLE STATEMENT
Title Contemporary Maithili Short Stories /
Statement of responsibility, etc Murari Madhusudan Thakur
260 ## - PUBLICATION, DISTRIBUTION, ETC. (IMPRINT)
Place of publication, distribution, etc New Delhi
Name of publisher, distributor, etc Sahitya Akademi
Date of publication, distribution, etc 2005
300 ## - PHYSICAL DESCRIPTION
Extent 342p.
Dimensions 21cm(pbk)
942 ## - ADDED ENTRY ELEMENTS (KOHA)
Source of classification or shelving scheme Dewey Decimal Classification
Item type English Books
Classification part S
Call number suffix CON
Holdings
Withdrawn status Lost status Not for loan Collection code Home library Current library Date acquired Full call number Barcode Koha item type
      Fiction Sarojini Nagar Sarojini Nagar 14/01/2019 S CON B-160692 English Books

© Delhi Public Library
Hit Counter
free hit counter